Responses for show #5933 - Wednesday, June 2, 2010

Contestants

Jeff Johnson, a transcriber from Louisville, Kentucky

Gerry Cuddyer, an elections administrator from South Boston, Massachusetts

Cathy Melocik, an editor for a business school from Wilder, Vermont (whose 2-day cash winnings total $46,002)

Jeopardy! Round responses

IN THIS EUROPEAN CAPITAL
LYRICAL GUNPLAY
BOSTON ILLEGAL?
ICKY RHYMES
(Alex: Each correct response will rhyme with "icky".)
READ ON
I JUST WANNA LOOK AT THE PICTURES
    $200 15
London

Cathy
    $200 26
the sheriff

Cathy
    $200 5
a strike

Cathy
    $200 1
quickie

Jeff
    $200 7
romance

Cathy
    $200 20
The Little Mermaid

Jeff
    $400 16
Madrid

Gerry
    $400 27
Reno

Jeff
    $400 9
tea

Gerry
    $400 2
sticky

Jeff
    $400 8
satire

Gerry
    $400 21
Bob the Builder

Cathy
    $600 17
(Gerry: What is Amsterdam?)

Berlin

CathyGerry
    $600 28
Rocky Raccoon

Cathy
    $600 10
people (humans)

Cathy
    $600 3
a hickey

Jeff
    $600 11
a pastoral

Gerry
    $600 22
basil

Cathy
    $800 18
Rome

Cathy
    $800 29
Aerosmith

Cathy
    $800 12
a dumpster

Cathy
    $800 4
tricky

Gerry
    $1,000 13
an ode

Cathy
    $800 23
Singapore

Triple Stumper
    $1000 19
Dublin

Jeff
    $1000 30
Joe

Cathy
    $1000 25
spit

Cathy
    $1000 6
a rickey

Cathy
    $1000 14
roman à clef

Jeff
    $1000 24
Amnesty International

Cathy

Scores at the first commercial break (after clue 11):

Cathy Gerry Jeff
$2,000 $2,200 $1,200

Scores at the end of the Jeopardy! Round:

Cathy Gerry Jeff
$11,000 $2,000 $3,800

Double Jeopardy! Round responses

WOODROW WILSON'S WAR
TV SHOW SETTINGS BY STATE
-OLOGIES
"F"OODSTUFFS
(Alex: Each correct response beginning with the letter "F".)
THE RING CYCLE
5-LETTER WORDS
    $400 2
register with Selective Service (for the draft)

Cathy
    $400 1
Hawaii

Jeff
    $400 8
earthquakes

Jeff
    $400 21
flour

Cathy
    $400 30
Wotan

Triple Stumper
    $400 16
crest

Gerry
    $800 3
(Gerry: What is the Army?)

the Marines

GerryJeff
    $800 5
(Gerry: What is Mississippi?)

Texas

GerryJeff
    $800 12
gemology

Cathy
    $800 22
fudge

Jeff
    $800 26
on the head

Triple Stumper
    $800 17
shuck

Cathy
    $1200 4
Points

Gerry
    $1200 9
Georgia

Gerry
    $2,000 13
etymology

Cathy
    $1200 29
feta

Cathy
    $1200 23
(Jeff: Who is Lohengrin?)
...
(Alex: You're changing sexes on us, Jeff. Go again.)

Brunhilde

Jeff
Triple Stumper
    $1200 18
decal

Cathy
    $3,000 6
U-boats

Jeff
    $1600 10
Maryland

Cathy
    $1600 14
cosmology & cosmetology

Gerry
    $1600 28
flounder

Gerry
    $1600 24
(Cathy: Uh, who is Tristan?)

Siegfried

CathyJeff
    $1600 19
mercy

Cathy
    $2000 7
"He kept us out of war"

Gerry
    $2000 11
Florida

Gerry
    $2000 15
kinesiology

Jeff
    $2000 27
a fig

Cathy
    $2000 25
The Twilight of the Gods (or Gotterdammerung)

Jeff
    $2000 20
(Cathy: Uh, what is roger wilco?)
(Gerry: What is roger?)
...
(Alex: Cathy, you gave us too much. Gerry, you gave us the incorrect response. It's [*]--will comply. But no "roger" in there. Forget about roger for the moment.)

wilco

CathyGerry
Triple Stumper

Scores at the end of the Double Jeopardy! Round:

Cathy Gerry Jeff
$19,400 $8,400 $14,400

[wagering suggestions for these scores]

Final Jeopardy! Round responses

HISTORICAL PHRASES
GerryWhat is no man's land
$6,001
JeffWhat No Man's Land
$3,000
CathyWhat is a Maginot Line?
$9,401
no man's land

Final scores:

Cathy Gerry Jeff
$9,999 $14,401 $17,400
3rd place: $1,000 2nd place: $2,000 New champion: $17,400

Game dynamics:

Coryat scores:

Cathy Gerry Jeff
$18,400 $8,400 $13,000
27 R
(including 2 DDs),
2 W
12 R,
4 W
16 R
(including 1 DD),
1 W

Combined Coryat: $39,800

The J! Archive is created by fans, for fans. The Jeopardy! game show and all elements thereof, including but not limited to copyright and trademark thereto, are the property of Jeopardy Productions, Inc. and are protected under law. This website is not affiliated with, sponsored by, or operated by Jeopardy Productions, Inc. Join the discussion at JBoard.tv.